00162nam a2200073 4500001000800000005001700008245004300025260002000068125756620260217103647.0 ayoksa sen misin?cgülten dayıoğlu baltın kitaplar